• 首页
  • 本馆介绍
  • 公告通知
  • 最新文献
  • 馆藏检索
  • 电子资源
  • 读者导购
  • 参考咨询
  • 我的图书馆
  • 登录
  • 详细信息显示
  • 放入我的书架
  • 预约/预借图书
  • 作者相关作品
  • 分类相关作品
  • 丛书相关作品
  • 出版社相关作品

书目信息

  • 表格格式
  • 工作单格式
  • 卡片格式
题名:
经济数学
    
 
作者: 吴传生 主编
分册:  
出版信息: 北京   高等教育出版社  2009
页数: 293页
开本: 23cm
丛书名:
单 册:
中图分类: F224.0 , O21
科图分类:
主题词: 经济数学--高等学校--教材 , 概率论--高等学校--教材 , 数理统计--高等学校--教材 , 经济数学 , 概率论 , 数理统计
电子资源:
ISBN: 978-7-04-026421-0
000 01016nam0 2200313 45
005 20100303105927.46
010    @a978-7-04-026421-0@dCNY21.20
100    @a20100121d2009 ekmy0chiy0120 ea
101 0  @achi
102    @aCN@b110000
105    @ay z 000yy
106    @ar
200 1  @a经济数学@AJing Ji Shu Xue@e概率论与数理统计@EGai Lu^ Lun Yu Shu Li Tong Ji@f吴传生主编@FWu Chuan Sheng Zhu Bian
205    @a2版
210    @a北京@c高等教育出版社@d2009
215    @a293页@d23cm
300    @a普通高等教育“十一五”国家级规划教材
330    @a本书共分十章,主要内容包括随机事件的概率、一维随机变量及其分布、多维随机变量及其分布、随机变量的数字特征等。
606 0  @a经济数学@x高等学校@j教材
606 0  @a概率论@x高等学校@j教材
606 0  @a数理统计@x高等学校@j教材
606 0  @a经济数学
606 0  @a概率论
606 0  @a数理统计
690    @aF224.0@v4
690    @aO21@v4
701  0 @a吴传生@AWu Chuan Sheng@4主编
801  0 @aCN@bTANGWEI@c20100303
905    @b0585038-40@dF224.0@e332=2@f3
    
    经济数学:概率论与数理统计/吴传生主编.-2版.-北京:高等教育出版社,2009
    293页;23cm
    普通高等教育“十一五”国家级规划教材
    
    ISBN 978-7-04-026421-0:CNY21.20
    本书共分十章,主要内容包括随机事件的概率、一维随机变量及其分布、多维随机变量及其分布、随机变量的数字特征等。
●
相关链接 在E读中查询图书 在五车中查询图书 在当当中查询图书 在豆瓣中查询图书


正题名:经济数学     索取号:F224.0/332=2         预约/预借

序号 登录号 条形码 馆藏地/架位号 状态 备注
1 0585038   205850382   第一样本阅览室/ [索取号:F224.0/332=2] 在馆    
2 0585039   205850391   第一借阅区/ [索取号:F224.0/332=2] 在馆    
3 0585040   205850408   密集书库-海洋学院/ [索取号:F224.0/332=2] 在馆    
唐山师范学院图书馆 欢迎您!
大连网信软件有限公司© 版权所有